000
003310000a22001570004500
001
000227
003
MACL
040
_a
MACL
090
_c
227
_d
227
100
_a
Sahni Bhisham,
245
_a
Balraj My Brother
_c
Sahni Bhisham
260
_a
National Book Trust,
_c
1998
350
_a
35
650
_a
Biography
942
_k
920
_c
Book
999
_c
49534
_d
49534